Konštrukcia vlastnej IP kamery pre monitorovanie a riadenie vo vzdialených laboratóriách

Salvato in:
Dettagli Bibliografici
Autore principale: Popelka, Vladimír, 1981- (Autore)
Altri autori: Bisták, Pavol (Relatore della tesi)
Natura: Manoscritto Libro
Lingua:slovacco
Pubblicazione: Bratislava : STU v Bratislave FEI, 2012
Soggetti:
Accesso online:VAIS
Tags: Aggiungi Tag
Nessun Tag, puoi essere il primo ad aggiungerne!!

MARC

LEADER 00000ntm a22000003a 4500
001 stu250670
005 20160502114213.6
008 120717s2012----xo------------------slo-d
040 |a STU  |b slo 
041 0 |a slo 
044 |a xo 
100 1 |a Popelka, Vladimír,  |d 1981-  |4 aut  |u E400  |U FEI Fakulta elektrotechniky a informatiky  |T FEI Ústav automobilovej mechatroniky  |X 30659  |U E400  |Y 642  |7 A000030659 
242 0 0 |a The construction of an IP camera for monitorring and controlling purposes in remote laboratories  |y eng 
245 1 |a Konštrukcia vlastnej IP kamery pre monitorovanie a riadenie vo vzdialených laboratóriách 
260 |a Bratislava :  |b STU v Bratislave FEI,  |c 2012 
300 |a 51 s  |c príl. 
650 7 |a robotics  |2 estusub 
650 7 |a krokové motory  |2 stusub 
700 1 |a Bisták, Pavol  |4 ths  |u E010  |T FEI Ústav riadenia a priemyselnej informatiky  |X 3708  |U E010  |Y E010  |7 A000003708 
856 4 |a info a plný text  |u http://is.stuba.sk/zp/portal_zp.pl?podrobnosti=81450  |3 VAIS 
996 |b 284EP10320  |c E*DIPL-10320  |l EE23  |s P  |a 0  |w stu250670_0001